Unidad 25 /
Tallennettuna:
| Päätekijä: | |
|---|---|
| Muut tekijät: | , , , , , |
| Aineistotyyppi: | |
| Kieli: | espanja |
| Julkaistu: |
España : Buenos Aires, Argentina :
Astronauta Films ; Lagarto Cine,
2008, c2008
|
| Aiheet: | |
| Tagit: |
Ei tageja, Lisää ensimmäinen tagi!
|
MARC
| LEADER | 00000ngm^a2200000^a^4500 | ||
|---|---|---|---|
| 001 | 000315471 | ||
| 005 | 20251020000000.0 | ||
| 009 | 20260310113245.827 | ||
| 037 | |a Acervo ITESO - Biblioteca | ||
| 041 | |a ESP | ||
| 082 | |a 365. 66098212 |b HOI | ||
| 100 | |a Hoijman, Alejo |e (realización) | ||
| 240 | 1 | 1 | |a [Unidad 25] |
| 240 | 1 | 1 | |a [Suertes, humores y pequeñas historias de la Independencia] |
| 245 | 1 | 0 | |a Unidad 25 / |c Realización de A. Hoijman. |
| 264 | 4 | |a España : |b Astronauta Films ; |a Buenos Aires, Argentina : |b Lagarto Cine, |c 2008, c2008 | |
| 264 | 2 | |a México : |b Mundo en DVD [distribución], |c copyright fecha no identificada | |
| 300 | |a 1 DVD región 4 |c (93, 2 min.) + |e 1 lámina | ||
| 336 | |a imagen móvil bidimensional |b tdi |2 rdacontenido | ||
| 337 | |a video |b v |2 rdamedio | ||
| 338 | |a videodisco |b vd |2 rdasoporte | ||
| 586 | |a Premio Cóndor de Plata, de la Asociación de Cronistas Cinematográficos de Argentina (58°: 2010): Mejor Largometraje Documental (finalista) | ||
| 649 | |a XX | ||
| 650 | |a Independentistas Mexicanos | ||
| 650 | |a Documentales | ||
| 650 | |a Cineminutos Jaliscienses | ||
| 650 | |a Cineminutos Mexicanos | ||
| 650 | |a Cortometrajes y Mediometrajes Jaliscienses | ||
| 650 | |a Cortometrajes y Mediometrajes Mexicanos | ||
| 650 | |a Cine de Animación | ||
| 650 | |a Cine Argentino - |y 2000-2009 | ||
| 650 | |a Cine Argentino - |y Siglo XXI | ||
| 650 | |a Cine Mexicano - |y 2000-2009 | ||
| 650 | |a Cine Mexicano - |y Siglo XXI | ||
| 650 | |a Cárceles y Centros de Readaptación Social - |z Lisandro Olmos, Argentina - |x Tema Principal | ||
| 650 | |a Cárceles y Centros de Readaptación Social - |z Argentina | ||
| 650 | |a Protestantismo - |z Lisandro Olmos, Argentina - |x Tema Principal | ||
| 650 | |a Protestantismo - |z Argentina | ||
| 650 | |a Cristianismo - |z Argentina | ||
| 650 | |a Religión - |z Argentina | ||
| 650 | |a Sociología de la Religión | ||
| 650 | |a Allende, Ignacio | ||
| 740 | 0 | |a Suertes, humores y pequeñas historias de la Independencia : |b El orden en bata y chinelas / |c Realización de R. Mora, E. González. | |
| 700 | |a Hoijman, Alejo |e (guión) | ||
| 700 | |a Ramírez, Luis Angel |e (guión) | ||
| 700 | |a Beselovsky, Alejandro |e (investigación) | ||
| 700 | |a Girod, Gastón |e (fotógrafo) | ||
| 700 | |a Hoijman, Alejo |e (montaje) | ||
| 700 | |a Ramírez, Luis Angel |e (montaje) | ||
| 910 | |a Fondo General | ||
| 920 | |a Audiovisuales - DVDs | ||
| 940 | |a Películas | ||
| 905 | |a 302 | ||
| 901 | |a 0500202151 |b IT2 |c DVS |i C129410 |u 20250521 | ||
| 901 | |a 0500240389 |b IT2 |c MIN |u 20251020 | ||
| 902 | |a https://opac.biblio.iteso.mx/vufind/Record/000315471 | ||